书目信息 |
| 题名: |
一千零一夜
|
|
| 作者: | 郅溥浩 译 | |
| 分册: | ||
| 出版信息: | 杭州 浙江教育出版社 2019.04 |
|
| 页数: | 373页, [7] 页图版 | |
| 开本: | 22cm | |
| 丛书名: | ||
| 单 册: | ||
| 中图分类: | I371.73 | |
| 科图分类: | ||
| 主题词: | 民间故事--min jian gu shi--作品集--阿拉伯半岛地区 | |
| 电子资源: | ||
| ISBN: | 978-7-5536-8522-9 | |
| 000 | 01194nam0 2200241 450 | |
| 001 | 202020140061 | |
| 005 | 20200926181352.0 | |
| 010 | @a978-7-5536-8522-9@b精装@dCNY58.00 | |
| 100 | @a20200918d2019 em y0chiy50 ea | |
| 101 | 0 | @achi |
| 102 | @aCN@b330000 | |
| 105 | @aaf z 000fy | |
| 106 | @ar | |
| 200 | 1 | @a一千零一夜@Ayi qian ling yi ye@d= One thousand and one nights@f郅溥浩等译@zeng |
| 210 | @a杭州@c浙江教育出版社@d2019.04 | |
| 215 | @a373页, [7] 页图版@c图@d22cm | |
| 330 | @a《一千零一夜》是阿拉伯民间故事集, 又名《天方夜谭》。相传古代印度与中国之间有一萨桑国, 国王山鲁亚尔生性残暴嫉妒, 因王后行为不端, 将其杀死, 此后每日娶一少女, 翌晨即杀掉, 以示报复。宰相的女儿山鲁佐德为拯救无辜的女子, 自愿嫁给国王, 用讲述故事的方法吸引国王, 每夜讲到最精彩处, 天刚好亮了, 使国王不忍杀她, 允她下一夜继续讲。她的故事一直讲了一千零一夜, 国王终于被感动, 与她白首偕老。因其内容丰富, 规模宏大, 故被高尔基誉为世界民间文学史上“最壮丽的一座纪念碑”。 | |
| 510 | 1 | @aOne thousand and one nights@zeng |
| 606 | 0 | @a民间故事@Amin jian gu shi@x作品集@y阿拉伯半岛地区 |
| 690 | @aI371.73@v5 | |
| 701 | 0 | @a郅溥浩@Azhi pu hao@4译 |
| 801 | 0 | @aCN@c20190702 |
| 905 | @a河南城建学院图书馆@dI371.73@eZ485 | |
| 一千零一夜= One thousand and one nights/郅溥浩等译.-杭州:浙江教育出版社,2019.04 |
| 373页, [7] 页图版:图;22cm |
| ISBN 978-7-5536-8522-9(精装):CNY58.00 |
| 《一千零一夜》是阿拉伯民间故事集, 又名《天方夜谭》。相传古代印度与中国之间有一萨桑国, 国王山鲁亚尔生性残暴嫉妒, 因王后行为不端, 将其杀死, 此后每日娶一少女, 翌晨即杀掉, 以示报复。宰相的女儿山鲁佐德为拯救无辜的女子, 自愿嫁给国王, 用讲述故事的方法吸引国王, 每夜讲到最精彩处, 天刚好亮了, 使国王不忍杀她, 允她下一夜继续讲。她的故事一直讲了一千零一夜, 国王终于被感动, 与她白首偕老。因其内容丰富, 规模宏大, 故被高尔基誉为世界民间文学史上“最壮丽的一座纪念碑”。 |
| ● |
| 相关链接 |
|
|
|
正题名:一千零一夜
索取号:I371.73/Z485
 
预约/预借
| 序号 | 登录号 | 条形码 | 馆藏地/架位号 | 状态 | 备注 |
| 1 | 1490277 | 214902774 | 文学库116/116文学库 15排5列5层/ [索取号:I371.73/Z485] | 在馆 | |
| 2 | 1490278 | 214902783 | 文学库116/116文学库 15排5列5层/ [索取号:I371.73/Z485] | 在馆 |